100 Best Cities In The World To Visit (2025) - Statistics

General Stats
  • This quiz has been taken 2,030 times
  • The average score is 76 of 100
Answer Stats
Rank Country City % Correct
1 France Paris
100%
2 Spain Madrid
99%
6 USA New York City
99%
4 Italy Rome
99%
3 Japan Tokyo
99%
7 Netherlands Amsterdam
98%
10 Spain Barcelona
98%
13 UK London
98%
8 Australia Sydney
98%
15 Germany Berlin
97%
14 UAE Dubai
97%
18 USA Los Angeles
97%
12 South Korea Seoul
97%
5 Italy Milan
96%
32 Greece Athens
95%
17 Thailand Bangkok
95%
26 Ireland Dublin
95%
19 Turkey Istanbul
95%
29 Portugal Lisbon
95%
28 Austria Vienna
94%
20 Australia Melbourne
93%
45 Mexico Mexico City
93%
22 Germany Munich
93%
25 Czechia Prague
93%
46 Norway Oslo
92%
56 China Beijing
91%
50 Belgium Brussels
91%
51 Hungary Budapest
91%
39 Denmark Copenhagen
91%
49 Finland Helsinki
91%
35 USA Miami
91%
79 Brazil Rio de Janeiro
91%
44 Sweden Stockholm
91%
34 Canada Toronto
91%
16 Japan Osaka
90%
11 Taiwan Taipei
90%
57 Poland Warsaw
90%
37 China Shanghai
89%
100 Egypt Cairo
88%
21 China (SAR) Hong Kong
88%
30 Italy Venice
88%
31 Malaysia Kuala Lumpur
87%
47 Brazil São Paulo
87%
43 Canada Vancouver
87%
98 Israel Jerusalem
86%
36 USA San Francisco
86%
77 Argentina Buenos Aires
85%
74 India Delhi
85%
87 Peru Lima
85%
40 Switzerland Zurich
85%
62 UAE Abu Dhabi
84%
84 Israel Tel Aviv
83%
24 Italy Florence
82%
83 Vietnam Hanoi
82%
69 Canada Montréal
82%
75 Portugal Porto
82%
96 Chile Santiago
82%
41 USA Washington, D.C.
82%
61 Qatar Doha
81%
38 Germany Frankfurt
80%
68 UK Edinburgh
79%
90 Saudi Arabia Riyadh
79%
76 Vietnam Ho Chi Minh City
78%
53 France Nice
78%
27 Japan Kyoto
77%
91 Estonia Tallinn
77%
58 Spain Seville
76%
59 Spain Valencia
76%
80 Poland Kraków
73%
23 USA Las Vegas
72%
97 Lithuania Vilnius
72%
93 Saudi Arabia Mecca
71%
89 Georgia Tbilisi
70%
9 ---- Singapore
68%
66 South Korea Busan
65%
52 China Guangzhou
65%
92 Morocco Marrakesh
65%
33 USA Orlando
64%
86 Greece Thessaloniki
63%
67 China (SAR) Macau
61%
70 Mexico Cancún
60%
94 Indonesia Denpasar
57%
65 Japan Sapporo
56%
55 USA Honolulu
51%
88 Saudi Arabia Medina
51%
48 Thailand Phuket
51%
71 Italy Bologna
50%
63 Turkey Antalya
45%
60 China Shenzhen
42%
73 Italy Verona
37%
81 Greece Heraklion
36%
54 Spain Palma de Mallorca
36%
64 Japan Fukuoka
31%
72 Greece Rhodes
24%
42 Thailand Pattaya
22%
85 UAE Sharjah
21%
95 DR Punta Cana
19%
82 Malaysia Johor Bahru
15%
99 China Zhuhai
2%
78 France Marne-la-Vallée
1%
No matching quizzes found
Score Distribution
Percent of People with Each Score
Percentile by Number Answered
Your Score History
You have not taken this quiz